000 006170000a22002050004500
003 LK-CoMWRAF
005 20230921112739.0
008 230817t1999 ||||| |||| 00| 0 eng d
020 _a0195128362
040 _aLK-CoMWRAF
_dLK-CoMWRAF
_eLK-CoMWRAF
041 _aeng
082 _a297.1
_bWAD
100 _aWadud, Amina
245 _aQur'an and Woman:
_bRereading the Sacred Text From a Woman's Perspective
260 _aNew York:
_bOxford University Press,
_c1999
300 _a xxvi, 118 p. ; 21 cm.
_bBibliography and index included
650 _aQUR'AN-Theology
650 _aWomen in the Qurʼan.
942 _cBK
999 _c326
_d326